000
00268 a2200121 4500
001
63671
082
_a
004MOR
090
_c
37670
_d
37670
100
_a
Morley,D
245
_a
Understanding Computers:Today and Tomorrow
250
_a
10
260
_b
Thomson course Tech
942
_a
NUST-CAE
_k
004MOR
999
_c
298744
_d
298744